000 03745nam a22005654i 4500
003 PE-LiUPU
005 20260219175031.0
008 100101s2010 pe a b 001 0 spa d
020 _a9789972837210
040 _aPE-LiUPU
_bspa
_eRDA
_cPE-LiUPU
041 0 _aspa
082 0 4 _a985.012
_bM235s
_223
245 1 0 _aSeñores de los imperios del sol /
_cKrzysztof Makowski, compilador.
264 1 _aLima :
_bBanco de Crédito,
_c2010.
300 _a321 páginas :
_bilustraciones a color ;
_c30 cm
336 _atext
_2rdacontent
337 _aunmediated
_2rdamedia
338 _avolume
_2rdacarrier
490 1 _aColección Arte y Tesoros del Perú
504 _aIncluye bibliografía (páginas 299-316), notas e índice.
505 0 _aEn la cuna de los imperios -- El Sur y el Norte de los Andes Centrales -- Estados, identidades sociales y culturas -- Arquitectura del poder -- La imagen social del señor -- I. Señoríos y Estados en los Andes del Sur -- Los hombres guerreros y las mujeres alfareras: cambios sociales tras el ocaso de Chavín -- Curacas y guerreros en la costa sur del Perú -- El surgimiento del urbanismo en Tiwanaku y el poder político en el altiplano andino -- Vestido, arquitectura y mecanismos del poder en el Horizonte Medio -- Señores y reyes en los Andes o Del concepto y atributos del soberano andino -- La administración del estado inca por medio de los quipus -- Los señores del quinto sol: el poder material e inmaterial en el Tahuantinsuyu -- II. Los espacios del poder -- Los espacios de poder y el culto de los ancestros en el Imperio Huari -- Plataformas, plazas y palacios en Tiwanaku, Bolivia (500-1000 d.C.) -- Los centros administrativos huari y las manifestaciones físicas del poder imperial -- Palacios yungas y racionalidad andina en la costa central prehispánica -- Las casas del Sapa Inca -- Los centros administrativos incas -- III. La imagen y el atuendo del Señor -- La imagen de los Señores de Huari y la recuperación de una identidad antigua -- Paracas: liderazgo social, memoria histórica y lo sagrado en la necrópolis de Wari Kayan -- Los unkus de los señores del sur: Huari y Tiahuanaco -- Vestidos de la nobleza en los Andes centro y centro-sur en los periodos tardíos -- Los vestidos del Sapa Inca, la Coya y los nobles del imperio.
650 2 8 _aCultura Huari
_94339
650 2 8 _aCultura Tiahuanaco
_94486
650 2 8 _aArquitectura Indígena
_zPerú
_9568
650 2 8 _aCerámica peruana
_yÉpoca Prehispánica
_98182
650 2 8 _aIndígenas del Perú
_xReligión y mitología.
_yÉpoca Prehispánica
_94357
651 1 8 _aPerú
_xHistoria
_yÉpoca Prehispánica.
_94340
700 _aMakowski, Krzysztof,
_ecompilador.
_98128
700 _aProulx, Donald A.,
_eautor.
_98129
700 _aJanusek, John W.,
_eautor.
_98130
700 _aZiółkowski, Mariusz,
_eautor.
_98131
700 _aUrton, Gary,
_eautor.
_98132
700 _aD'Altroy, Terence N.,
_eautor.
_98133
700 _aOchatoma, José,
_eautor.
_98134
700 _aCabrera, Martha,
_eautor.
_98135
700 _aVranich, Alexei,
_eautor.
_98136
700 _aSchreiber, Katharina,
_eautor.
_98137
700 _aEdwards, Matthew J.,
_eautor.
_98138
700 _aVillacorta, Luis Felipe,
_eautor.
_98139
700 _aHernández, Carla,
_eautor.
_98140
700 _aSantillana, Julián I.,
_eautor.
_98141
700 _aKnobloch, Patricia J.,
_eautor.
_98142
700 _aPeters, Ann,
_eautor.
_98143
700 _aYoung-Sánchez, Margaret,
_eautor.
_98144
700 _aFrame, Mary,
_eautor.
_98145
710 2 _aBanco de Crédito (Perú),
_eeditor.
830 0 _aArte y tesoros del Perú.
942 _2ddc
_cBK
980 _618228
_aRebeca Esther Huerta Leyton
_818226
_gJaime Vilcazán Jefe de Análisis Documental
999 _c63311
_d63310